| 000 | 01224 a2200253 4500 | ||
|---|---|---|---|
| 003 | OSt | ||
| 005 | 20180116182812.0 | ||
| 008 | 161123b xxu||||| |||| 00| 0 eng d | ||
| 020 | _a0471371378 | ||
| 020 | _a9780471371373 | ||
| 040 | _c0 | ||
| 082 | 0 | 4 | _a005.12 BRO 2002 |
| 100 | 1 | _aBrown, David William. | |
| 245 | 1 | 3 |
_aAn introduction to object-oriented analysis : _bobjects and uml in plain english / _cDavid William Brown. |
| 250 | _a2nd ed. | ||
| 260 |
_a[S.l.] : _bWiley, _c2002. |
||
| 300 |
_a668 p. ; _c25 cm. |
||
| 440 | _aAn introduction to object-oriented analysis :objects and uml in plain english / | ||
| 500 | _aPaperback. | ||
| 520 | _aThis book is a very general and accessible introduction to Object Oriented Analysis. It contains extensive pedagogy and incorporates patient explanations, making it ideal for beginners. Incorporation of real-world examples, case studies, and in depth theory and skills for practical application makes this book very user-friendly. | ||
| 856 | 4 | 0 |
_3Amazon.com _uhttp://www.amazon.com/exec/obidos/ASIN/0471371378/chopaconline-20 |
| 856 | 4 | 0 |
_3Amazon customer reviews _uhttp://www.chopac.org/cgi-bin/tools/azrev.pl?q=0471371378 |
| 942 |
_aNBS _cBK _k5.12 BRO 2002 _2ddc |
||
| 999 |
_c346274 _d346274 |
||